[Event "Campeonato de Europa 2011 Femenino"]
[Site "Tbilisi GEO"]
[Date "2011.05.18"]
[Round "11.13"]
[White "Muzychuk, Mariya"]
[Black "Batsiashvili, Nino"]
[Result "1-0"]
[WhiteElo "2473"]
[BlackElo "2399"]
[PlyCount "153"]
[EventDate "2011.05.07"]
[EventType "swiss"]
[EventRounds "11"]
[EventCountry "GEO"]
[Source "lmi"]
[SourceDate "2011.05.07"]

1. e4 c6 2. d4 d5 3. Nc3 dxe4 4. Nxe4 Bf5 5. Ng3 Bg6 6. h4 h6 7. Nf3 e6 8. h5
Bh7 9. Bd3 Bxd3 10. Qxd3 Nf6 11. Bd2 Bd6 12. Ne4 Nxe4 13. Qxe4 Nd7 14. O-O-O
Qe7 15. Qe2 O-O-O 16. Kb1 Qf6 17. g4 Bf4 18. Bc3 Rhe8 19. Rhe1 Kb8 20. Qe4 Bc7
21. d5 e5 22. dxc6 Qxc6 23. Qxc6 bxc6 24. b3 f6 25. Nh4 Nc5 26. Nf5 Ne6 27. a4
Bb6 28. f3 Rd5 29. Kc1 Red8 30. b4 a5 31. bxa5 Bc5 32. Bb2 Kc7 33. Rxd5 cxd5
34. Rd1 Kc6 35. Bc3 Rb8 36. Be1 Ba3+ 37. Kd2 Bb4+ 38. c3 Ba3 39. Ra1 Rb2+ 40.
Kd1 Bc5 41. Bd2 Rb7 42. Kc2 Ra7 43. Kd3 Bf8 44. Ne3 Kc5 45. Rb1 Rxa5 46. Nxd5
Rxa4 47. Nb6 Ra6 48. Nd7+ Kd6 49. Nxf8 Nxf8 50. Ke4 Ke6 51. Be3 Nd7 52. Rb4 Ra3
53. Rc4 f5+ 54. gxf5+ Kd6 55. Kd3 Kd5 56. Rg4 Nf6 57. Rxg7 Nxh5 58. Rd7+ Kc6
59. Rh7 Kd5 60. Bxh6 Nf6 61. Rf7 e4+ 62. fxe4+ Nxe4 63. Bg7 Nc5+ 64. Ke3 Ra8
65. Bd4 Re8+ 66. Kf4 Nd3+ 67. Kg5 Re2 68. Rd7+ Kc6 69. Rd8 Rg2+ 70. Kf6 Rg3 71.
Kf7 Kc7 72. Ra8 Kd7 73. f6 Rg4 74. Rg8 Rf4 75. Rg7 Rf1 76. Kg8+ Ke6 77. f7 1-0

[Event "Campeonato de Europa 2011 Femenino"]
[Site "Tbilisi GEO"]
[Date "2011.05.18"]
[Round "11.16"]
[White "Yildiz, Betul Cemre"]
[Black "Zhukova, Natalia"]
[Result "0-1"]
[WhiteElo "2219"]
[BlackElo "2428"]
[PlyCount "74"]
[EventDate "2011.05.07"]
[EventType "swiss"]
[EventRounds "11"]
[EventCountry "GEO"]
[Source "lmi"]
[SourceDate "2011.05.07"]

1. e4 e6 2. d4 d5 3. Nc3 Bb4 4. e5 c5 5. Bd2 Ne7 6. Nb5 Bxd2+ 7. Qxd2 O-O 8. c3
Bd7 9. Nd6 cxd4 10. cxd4 Qb6 11. f4 Nbc6 12. Nf3 Nc8 13. Nxc8 Raxc8 14. Bd3 g6
15. Bb1 Rc7 16. O-O Rfc8 17. Rd1 Nb4 18. Ne1 Rc4 19. h4 Qd8 20. h5 Qh4 21. hxg6
fxg6 22. a3 Ba4 23. Nf3 Qg3 24. Rf1 Nc2 25. Ba2 Nxa1 26. Bxc4 Rxc4 27. Qa5 b6
28. Qxa7 Rc2 29. Ne1 Bb5 30. Qxb6 Bxf1 31. Qxe6+ Kg7 32. Qe7+ Kh6 33. Qg5+ Qxg5
34. fxg5+ Kxg5 35. Nxc2 Nxc2 36. Kxf1 Nxd4 37. Kf2 Kf5 0-1

[Event "Campeonato de Europa 2011 Femenino"]
[Site "Tbilisi GEO"]
[Date "2011.05.18"]
[Round "11.17"]
[White "Ovod, Evgenija"]
[Black "Kachiani-Gersinska, Ketino"]
[Result "1-0"]
[WhiteElo "2404"]
[BlackElo "2309"]
[PlyCount "61"]
[EventDate "2011.05.07"]
[EventType "swiss"]
[EventRounds "11"]
[EventCountry "GEO"]
[Source "lmi"]
[SourceDate "2011.05.07"]

1. d4 Nf6 2. c4 g6 3. Nc3 Bg7 4. e4 d6 5. Nf3 O-O 6. h3 e5 7. d5 a5 8. g4 Na6
9. Be3 Bd7 10. Nd2 Nc5 11. Be2 c6 12. g5 Ne8 13. h4 a4 14. a3 Qa5 15. h5 Nc7
16. Kf1 cxd5 17. cxd5 Nb5 18. Nxb5 Bxb5 19. Kg2 Bxe2 20. Qxe2 Rfc8 21. Rh4 Nb3
22. Nxb3 axb3 23. hxg6 hxg6 24. Qf3 Qd8 25. Rah1 Rc2 26. Qh3 Kf8 27. Rh7 Qc8
28. Rh8+ Ke7 29. Rxc8 Raxc8 30. Rb1 Re2 31. Qxc8 1-0

[Event "Campeonato de Europa 2011 Femenino"]
[Site "Tbilisi GEO"]
[Date "2011.05.18"]
[Round "11.19"]
[White "Dzagnidze, Nana"]
[Black "Nemcova, Katerina"]
[Result "1-0"]
[WhiteElo "2557"]
[BlackElo "2294"]
[PlyCount "101"]
[EventDate "2011.05.07"]
[EventType "swiss"]
[EventRounds "11"]
[EventCountry "GEO"]
[Source "lmi"]
[SourceDate "2011.05.07"]

1. d4 Nf6 2. Bg5 d6 3. Bxf6 gxf6 4. c4 Bg7 5. Nc3 Nd7 6. e3 Nb6 7. Qh5 Be6 8.
c5 dxc5 9. dxc5 Nd7 10. Nge2 f5 11. O-O-O Bxc3 12. Nxc3 c6 13. Bd3 Qa5 14. Bxf5
Nxc5 15. g4 b5 16. Kb1 Bc4 17. Rd4 e5 18. Rxc4 bxc4 19. Qh6 Qc7 20. Rd1 Rb8 21.
Qf6 O-O 22. Qg5+ Kh8 23. Qf6+ Kg8 24. Rd6 Rfd8 25. Rxd8+ Rxd8 26. Qh6 f6 27.
Qxf6 Qd6 28. Qg5+ Kh8 29. Qh4 h6 30. g5 Rf8 31. Bc2 Rg8 32. g6 Kg7 33. Qxc4 Rf8
34. b4 Ne6 35. a3 Ng5 36. h4 Nf3 37. Qa6 Nd2+ 38. Kc1 Qd7 39. Qe2 Nf3 40. h5
Ng1 41. Qc4 Rxf2 42. Ne4 Ne2+ 43. Kb2 Rg2 44. Qc5 Qc7 45. Nd6 Kf8 46. Be4 Nf4+
47. Kb3 Qe7 48. exf4 Rg3+ 49. Ka4 exf4 50. Qxc6 Qd8 51. Qb7 1-0

[Event "Campeonato de Europa 2011 Femenino"]
[Site "Tbilisi GEO"]
[Date "2011.05.18"]
[Round "11.22"]
[White "Guramishvili, Sopiko"]
[Black "Houska, Jovanka"]
[Result "0-1"]
[WhiteElo "2299"]
[BlackElo "2429"]
[PlyCount "154"]
[EventDate "2011.05.07"]
[EventType "swiss"]
[EventRounds "11"]
[EventCountry "GEO"]
[Source "lmi"]
[SourceDate "2011.05.07"]

1. d4 d5 2. c4 c6 3. Nf3 Nf6 4. e3 Bg4 5. Qb3 Qb6 6. Nc3 e6 7. Ne5 Bf5 8. c5
Qc7 9. e4 dxe4 10. Bf4 Nh5 11. Be3 Nd7 12. Be2 Nhf6 13. g4 Nxe5 14. gxf5 Nf3+
15. Bxf3 exf3 16. fxe6 O-O-O 17. exf7 Nd5 18. O-O-O Qxf7 19. Rhg1 Be7 20. Rg3
Rhf8 21. Nxd5 Rxd5 22. Rd3 Bh4 23. Rg4 Bd8 24. Rf4 Qe8 25. Rxf8 Qxf8 26. Bd2
Qf6 27. Qb4 Qh4 28. Rxf3 Rxd4 29. Qa3 Qxh2 30. Qc3 Qg1+ 31. Kc2 Qg6+ 32. Kb3
Qe6+ 33. Ka3 Qd5 34. Rf5 Qxf5 35. Qxd4 Bf6 36. Qd6 Qd7 37. Qf4 Qd3+ 38. Bc3
Qa6+ 39. Kb3 Qb5+ 40. Kc2 Qxc5 41. Qg4+ Kc7 42. Qg3+ Kb6 43. Kb3 Qd5+ 44. Ka3
Bxc3 45. bxc3 g5 46. Qh2 Qd2 47. Kb3 Qd1+ 48. Kb2 h5 49. f3 Qxf3 50. Qg1+ Ka6
51. Qxg5 Qe2+ 52. Ka3 Qc4 53. Qe3 h4 54. Qh3 Kb5 55. Qf3 a5 56. Kb2 a4 57. Qh5+
Kb6 58. Qh8 Ka7 59. Ka3 b5 60. Qe5 Ka6 61. Qh8 Kb7 62. Qe5 h3 63. Qg7+ Kb6 64.
Qh8 Qf4 65. Qd8+ Qc7 66. Qh8 Qd6+ 67. Kb2 h2 68. Kc2 Kb7 69. Qh7+ Qc7 70. Qh8
Qf7 71. Kb2 Qf2+ 72. Ka3 Qd2 73. Kb4 Qd6+ 74. Ka5 Qb8 75. Qh3 Qe5 76. Kb4 Kb6
77. Ka3 h1=Q 0-1

[Event "Campeonato de Europa 2011 Femenino"]
[Site "Tbilisi GEO"]
[Date "2011.05.18"]
[Round "11.24"]
[White "Girya, Olga"]
[Black "Bulmaga, Irina"]
[Result "1-0"]
[WhiteElo "2394"]
[BlackElo "2284"]
[PlyCount "65"]
[EventDate "2011.05.07"]
[EventType "swiss"]
[EventRounds "11"]
[EventCountry "GEO"]
[Source "lmi"]
[SourceDate "2011.05.07"]

1. e4 c6 2. d4 d5 3. e5 Bf5 4. Nd2 e6 5. Nb3 Nd7 6. Nf3 Ne7 7. Be2 Nc8 8. a4 a5
9. O-O Be7 10. Bd2 f6 11. Bd3 Bxd3 12. cxd3 f5 13. Rc1 O-O 14. Nc5 Nxc5 15.
dxc5 b6 16. Nd4 Qd7 17. cxb6 Ra6 18. Rxc6 Rxb6 19. Qc2 Qb7 20. Rc7 Qb8 21. b3
Qa8 22. Rc1 Rb8 23. Nc6 Ba3 24. Ra1 Rb7 25. Rxb7 Qxb7 26. Rxa3 f4 27. Nxa5 Qf7
28. Bb4 Ne7 29. f3 Rc8 30. Bc5 d4 31. b4 Nf5 32. Nc4 Qg6 33. a5 1-0

[Event "Campeonato de Europa 2011 Femenino"]
[Site "Tbilisi GEO"]
[Date "2011.05.18"]
[Round "11.27"]
[White "Charkhalashvili, Inga"]
[Black "Tereladze, Sopiko"]
[Result "1/2-1/2"]
[WhiteElo "2373"]
[BlackElo "2177"]
[PlyCount "34"]
[EventDate "2011.05.07"]
[EventType "swiss"]
[EventRounds "11"]
[EventCountry "GEO"]
[Source "lmi"]
[SourceDate "2011.05.07"]

1. d4 d5 2. c4 e6 3. Nc3 Be7 4. Nf3 Nf6 5. Bg5 h6 6. Bh4 O-O 7. e3 Ne4 8. Bxe7
Qxe7 9. cxd5 Nxc3 10. bxc3 exd5 11. Qb3 c6 12. Bd3 b6 13. O-O Ba6 14. c4 dxc4
15. Bxc4 Bxc4 16. Qxc4 c5 17. dxc5 bxc5 1/2-1/2

[Event "Campeonato de Europa 2011 Femenino"]
[Site "Tbilisi GEO"]
[Date "2011.05.18"]
[Round "11.28"]
[White "Arabidze, Meri"]
[Black "Rogule, Laura"]
[Result "1-0"]
[WhiteElo "2277"]
[BlackElo "2362"]
[PlyCount "77"]
[EventDate "2011.05.07"]
[EventType "swiss"]
[EventRounds "11"]
[EventCountry "GEO"]
[Source "lmi"]
[SourceDate "2011.05.07"]

1. d4 d5 2. c4 e6 3. Nc3 Nf6 4. cxd5 exd5 5. Bg5 Be7 6. Qc2 O-O 7. e3 Nbd7 8.
Bd3 c6 9. Nf3 Re8 10. h3 Nf8 11. Bf4 Bd6 12. Bxd6 Qxd6 13. O-O-O b6 14. g4 Be6
15. g5 N6d7 16. Kb1 c5 17. Bf5 c4 18. h4 Reb8 19. h5 b5 20. g6 b4 21. Bxe6 Qxe6
22. Ng5 Qf6 23. Nxh7 Nxh7 24. gxh7+ Kh8 25. Nxd5 Qc6 26. e4 b3 27. axb3 Rxb3
28. Ne3 Rc8 29. Rc1 Qb5 30. Nd1 Rb8 31. h6 g6 32. Qe2 Nb6 33. Rc2 Qa4 34. Rc3
Rb5 35. Qf3 f5 36. Qg3 Nd7 37. Qxg6 Rxb2+ 38. Nxb2 Rxb2+ 39. Kxb2 1-0

[Event "Campeonato de Europa 2011 Femenino"]
[Site "Tbilisi GEO"]
[Date "2011.05.18"]
[Round "11.29"]
[White "Ziaziulkina, Nastassia"]
[Black "Kazimova, Narmin Nizami qizi"]
[Result "1/2-1/2"]
[WhiteElo "2291"]
[BlackElo "2262"]
[PlyCount "96"]
[EventDate "2011.05.07"]
[EventType "swiss"]
[EventRounds "11"]
[EventCountry "GEO"]
[Source "lmi"]
[SourceDate "2011.05.07"]

1. e4 c5 2. Nf3 d6 3. d4 cxd4 4. Nxd4 Nf6 5. Nc3 a6 6. h3 e5 7. Nde2 h5 8. a4
Be6 9. g3 Nbd7 10. Bg2 Qc7 11. Be3 Rd8 12. a5 Be7 13. O-O O-O 14. Nd5 Nxd5 15.
exd5 Bf5 16. Nc3 Bg6 17. Bf3 h4 18. g4 Rc8 19. g5 Qd8 20. Qd2 f5 21. gxf6 Nxf6
22. Ra4 Qd7 23. Rxh4 Qf5 24. Bd1 Rxc3 25. bxc3 Ne4 26. Rxe4 Qxe4 27. Re1 Bf7
28. c4 Qxc4 29. Bf3 e4 30. Bf4 Bxd5 31. Be2 Qc6 32. Rd1 Be6 33. Qe3 d5 34. Qg3
Bf6 35. Bg4 Bxg4 36. hxg4 g5 37. Be5 Qe6 38. Bxf6 Rxf6 39. c4 Rf3 40. Qb8+ Rf8
41. Qg3 Rf4 42. cxd5 Qd7 43. Kf1 Qb5+ 44. Ke1 Qb4+ 45. Rd2 Qb1+ 46. Rd1 Qb4+
47. Rd2 Qb1+ 48. Rd1 Qb4+ 1/2-1/2

[Event "Campeonato de Europa 2011 Femenino"]
[Site "Tbilisi GEO"]
[Date "2011.05.18"]
[Round "11.30"]
[White "Galojan, Lilit"]
[Black "Isgandarova, Khayala Ilqar qizi"]
[Result "1-0"]
[WhiteElo "2377"]
[BlackElo "2143"]
[PlyCount "98"]
[EventDate "2011.05.07"]
[EventType "swiss"]
[EventRounds "11"]
[EventCountry "GEO"]
[Source "lmi"]
[SourceDate "2011.05.07"]

1. d4 g6 2. c4 Bg7 3. Nc3 d6 4. e4 Nf6 5. f3 O-O 6. Be3 Nc6 7. Nge2 a6 8. Qd2
Rb8 9. Rb1 b5 10. cxb5 axb5 11. b4 Nd7 12. Nc1 e5 13. Nxb5 Ba6 14. d5 Ne7 15.
a4 f5 16. Nxc7 Qxc7 17. Bxa6 fxe4 18. fxe4 Nf6 19. Bd3 Ng4 20. Ne2 Nc8 21. a5
Qe7 22. b5 Qh4+ 23. Kd1 Nxe3+ 24. Qxe3 Bh6 25. Qg3 Qd8 26. Qe1 Na7 27. b6 Qd7
28. Rb4 Nc8 29. Rf1 Rxf1 30. Qxf1 Qe7 31. Kc2 Qg5 32. Kb3 Qe3 33. Nc3 Qc5 34.
Rb5 Qd4 35. Rb4 Qc5 36. Rb5 Qd4 37. Bc4 Bd2 38. Qd3 Qf2 39. Qe2 Qd4 40. Qd3 Qf2
41. Qf3 Qe1 42. h3 Kg7 43. Qd3 Rb7 44. Qc2 Qe3 45. Rb4 Be1 46. Ba6 Rb8 47. Bf1
Qc5 48. Rb5 Qe3 49. Qd3 Qc1 1-0

[Event "Campeonato de Europa 2011 Femenino"]
[Site "Tbilisi GEO"]
[Date "2011.05.18"]
[Round "11.32"]
[White "Olsarova, Tereza"]
[Black "Mamedjarova, Zeinab"]
[Result "0-1"]
[WhiteElo "2234"]
[BlackElo "2342"]
[PlyCount "78"]
[EventDate "2011.05.07"]
[EventType "swiss"]
[EventRounds "11"]
[EventCountry "GEO"]
[Source "lmi"]
[SourceDate "2011.05.07"]

1. e4 e5 2. Nf3 d6 3. d4 exd4 4. Nxd4 Nf6 5. Nc3 Be7 6. g3 O-O 7. Bg2 Re8 8.
O-O Bf8 9. b3 Nbd7 10. Bb2 Nc5 11. Re1 a5 12. a4 c6 13. Qd2 Qb6 14. h3 Bd7 15.
g4 h6 16. Rad1 Rad8 17. Kh1 g6 18. Nde2 Bg7 19. Ng3 Bc8 20. Qc1 Bxg4 21. hxg4
Nxg4 22. Rf1 Ne6 23. Qd2 h5 24. Qe1 Qc5 25. Nge2 d5 26. Rd3 d4 27. Nb1 Qxc2 28.
Qd2 Qc5 29. Na3 Qd6 30. f4 Nc5 31. e5 Qe7 32. Rh3 Ne3 33. Rg1 Nxb3 34. Qe1 Nxg2
35. Rxg2 d3 36. Ng3 d2 37. Qd1 Rd3 38. Rhh2 Qc5 39. Nxh5 Qc1 0-1

[Event "Campeonato de Europa 2011 Femenino"]
[Site "Tbilisi GEO"]
[Date "2011.05.18"]
[Round "11.33"]
[White "Foisor, Mihaela-Veronica"]
[Black "Szczepkowska-Horowska, Karina"]
[Result "0-1"]
[WhiteElo "2220"]
[BlackElo "2336"]
[PlyCount "100"]
[EventDate "2011.05.07"]
[EventType "swiss"]
[EventRounds "11"]
[EventCountry "GEO"]
[Source "lmi"]
[SourceDate "2011.05.07"]

1. d4 d6 2. Nf3 Bg4 3. c4 Nd7 4. Nc3 e5 5. h3 Bxf3 6. gxf3 exd4 7. Qxd4 Ne7 8.
Bg5 Nc5 9. Bxe7 Bxe7 10. Qxg7 Bf6 11. Qg4 Bxc3+ 12. bxc3 Qe7 13. e3 Nd7 14. Rb1
O-O-O 15. Bd3 Qf6 16. Ke2 Qxc3 17. Bf5 Qa5 18. Rb2 Rhe8 19. Rhb1 b6 20. c5 Qxc5
21. Rc2 Qd5 22. Rbc1 c5 23. Rd2 Qe5 24. Rcd1 Kc7 25. Qa4 a5 26. Be4 Nb8 27. Qb5
d5 28. Rxd5 Rxd5 29. Rxd5 Qe6 30. Rd2 Rd8 31. Rxd8 Kxd8 32. a4 h6 33. h4 Kc7
34. Qd3 Nc6 35. Bxc6 Kxc6 36. Qb5+ Kc7 37. e4 f5 38. Ke3 fxe4 39. fxe4 Qh3+ 40.
f3 Qxh4 41. Qe8 Qg5+ 42. Kd3 Qd8+ 43. Qxd8+ Kxd8 44. f4 h5 45. e5 h4 46. Ke4 c4
47. e6 c3 48. Ke5 c2 49. f5 c1=Q 50. Kf6 Ke8 0-1

[Event "Campeonato de Europa 2011 Femenino"]
[Site "Tbilisi GEO"]
[Date "2011.05.18"]
[Round "11.34"]
[White "Gvetadze, Sopio"]
[Black "Khmiadashvili, Tamar"]
[Result "1/2-1/2"]
[WhiteElo "2330"]
[BlackElo "2204"]
[PlyCount "101"]
[EventDate "2011.05.07"]
[EventType "swiss"]
[EventRounds "11"]
[EventCountry "GEO"]
[Source "lmi"]
[SourceDate "2011.05.07"]

1. c4 e5 2. Nc3 Nc6 3. Nf3 g6 4. g3 Bg7 5. Bg2 Nge7 6. O-O O-O 7. d3 f5 8. Bd2
h6 9. Rb1 Kh7 10. b4 Nd4 11. Ne1 d6 12. b5 f4 13. Nc2 Rb8 14. Nd5 Nxc2 15. Qxc2
Bg4 16. Rfe1 f3 17. exf3 Bxf3 18. Bxf3 Rxf3 19. Nxe7 Qxe7 20. Be3 Qd7 21. Bxa7
Rbf8 22. Be3 Qh3 23. Qe2 h5 24. Rbd1 Bh6 25. Bxh6 Rxf2 26. Qxf2 Rxf2 27. Kxf2
Qxh2+ 28. Kf3 Kxh6 29. Rh1 Qxa2 30. g4 h4 31. Rxh4+ Kg5 32. Rhh1 Qc2 33. Rhg1
c6 34. bxc6 bxc6 35. Ke3 d5 36. cxd5 cxd5 37. Kf3 Qb3 38. Ke2 d4 39. Kf3 Qd5+
40. Kg3 e4 41. dxe4 Qxe4 42. Rge1 Qf4+ 43. Kg2 Qxg4+ 44. Kf2 Qf4+ 45. Kg2 Qg4+
46. Kf2 Qf5+ 47. Ke2 Qc2+ 48. Rd2 Qc4+ 49. Kf2 Kf4 50. Red1 Ke4 51. Rxd4+
1/2-1/2

[Event "Campeonato de Europa 2011 Femenino"]
[Site "Tbilisi GEO"]
[Date "2011.05.18"]
[Round "11.35"]
[White "Goryachkina, Aleksandra"]
[Black "Charochkina, Daria"]
[Result "1/2-1/2"]
[WhiteElo "2103"]
[BlackElo "2320"]
[PlyCount "95"]
[EventDate "2011.05.07"]
[EventType "swiss"]
[EventRounds "11"]
[EventCountry "GEO"]
[Source "lmi"]
[SourceDate "2011.05.07"]

1. d4 Nf6 2. c4 g6 3. f3 d5 4. cxd5 Nxd5 5. e4 Nb6 6. Nc3 Bg7 7. Be3 Nc6 8. Bb5
O-O 9. Nge2 a6 10. Bxc6 bxc6 11. Qc2 e5 12. Rd1 Nc4 13. Bf2 Qg5 14. g3 exd4 15.
Nxd4 c5 16. Nb3 Ne5 17. Qe2 Qh5 18. Bxc5 Re8 19. Nd5 Nxf3+ 20. Kf2 Ng5 21. Qxh5
Nxe4+ 22. Kf3 gxh5 23. Ne7+ Kh8 24. Kxe4 Bb7+ 25. Kf4 Bxh1 26. Rxh1 a5 27. Re1
Bxb2 28. Bd4+ Bxd4 29. Nxd4 Kg7 30. Nef5+ Kf8 31. Rc1 Rab8 32. Rxc7 Rb2 33. Kg5
Rxa2 34. Kf6 Rb2 35. Rxf7+ Kg8 36. Rg7+ Kh8 37. Ra7 Rf8+ 38. Ke5 Ra2 39. Nd6
Raf2 40. Rxa5 Rxh2 41. N4f5 Re2+ 42. Kd5 Rd2+ 43. Ke6 Re2+ 44. Kd7 Re1 45. Ra7
Re5 46. Nh4 Re3 47. Nhf5 Re5 48. Nh4 1/2-1/2

[Event "Campeonato de Europa 2011 Femenino"]
[Site "Tbilisi GEO"]
[Date "2011.05.18"]
[Round "11.36"]
[White "Daulyte, Deimante"]
[Black "Khazhomia, Salome"]
[Result "1/2-1/2"]
[WhiteElo "2306"]
[BlackElo "2152"]
[PlyCount "125"]
[EventDate "2011.05.07"]
[EventType "swiss"]
[EventRounds "11"]
[EventCountry "GEO"]
[Source "lmi"]
[SourceDate "2011.05.07"]

1. e4 e6 2. d4 d5 3. Nc3 Nf6 4. e5 Nfd7 5. f4 c5 6. Nf3 Nc6 7. Be3 Qb6 8. Qd2
a6 9. Rb1 cxd4 10. Nxd4 Qc7 11. Be2 b5 12. O-O Nxd4 13. Bxd4 Bc5 14. Kh1 b4 15.
Na4 Bxd4 16. Qxd4 Qxc2 17. Nb6 Nxb6 18. Qxb6 O-O 19. Qe3 d4 20. Qf3 Bb7 21.
Qxb7 Qxe2 22. Qxb4 d3 23. Rfe1 Rab8 24. Qa3 Qc2 25. Rec1 Rfd8 26. h3 Qd2 27.
Rd1 Qe2 28. Re1 Qf2 29. Rf1 Qd4 30. b3 Rbc8 31. Qxa6 Rc2 32. Qb7 g6 33. a4 Rd5
34. Qe7 Qe4 35. Qg5 Qb4 36. Qg4 h5 37. Qf3 Rc3 38. Qd1 d2 39. Rf3 Rdd3 40. Rxd3
Rxd3 41. Qe2 Rd5 42. Rd1 Qxf4 43. Kg1 Qb4 44. Kh1 Qc3 45. Kg1 Qxb3 46. Rxd2
Qxa4 47. Rxd5 exd5 48. e6 Qa7+ 49. Kh1 fxe6 50. Qxe6+ Qf7 51. Qd6 Kh7 52. h4
Kg7 53. Kh2 Qf6 54. Qxd5 Qxh4+ 55. Kg1 Qe1+ 56. Kh2 Kf6 57. Qd8+ Qe7 58. Qb6+
Qe6 59. Qd8+ Kf5 60. Qd3+ Qe4 61. Qd7+ Kg5 62. Qd8+ Kf4 63. Qd6+ 1/2-1/2

[Event "Campeonato de Europa 2011 Femenino"]
[Site "Tbilisi GEO"]
[Date "2011.05.18"]
[Round "11.37"]
[White "Aginian, Nelly"]
[Black "Gevorgyan, Maria"]
[Result "1-0"]
[WhiteElo "2284"]
[BlackElo "2065"]
[PlyCount "113"]
[EventDate "2011.05.07"]
[EventType "swiss"]
[EventRounds "11"]
[EventCountry "GEO"]
[Source "lmi"]
[SourceDate "2011.05.07"]

1. e4 e5 2. Nf3 Nf6 3. Nxe5 d6 4. Nf3 Nxe4 5. d3 Nf6 6. d4 d5 7. c4 Be7 8. Nc3
O-O 9. cxd5 Nxd5 10. Bd3 Nc6 11. O-O Bg4 12. h3 Be6 13. Re1 Bf6 14. Bb1 Nde7
15. Bg5 Bxg5 16. Nxg5 Bf5 17. d5 Nb8 18. Qf3 Bxb1 19. Raxb1 h6 20. Nge4 Nd7 21.
Rbd1 Ng6 22. Qg3 Kh7 23. Nb5 f5 24. Nd2 f4 25. Qd3 a6 26. Nd4 Nc5 27. Qc2 Qxd5
28. N2f3 Rae8 29. Ne6 Qxe6 30. Rxe6 Nxe6 31. h4 h5 32. Rd5 Kh6 33. Qd1 Rd8 34.
Rxd8 Rxd8 35. Qb3 Rd6 36. Qxb7 Ngf8 37. Qe4 Nd7 38. Qf5 g6 39. Qc2 Kg7 40. Qc3+
Nf6 41. Ng5 Nd4 42. Qxc7+ Rd7 43. Qe5 Nc6 44. Qxf4 Rd1+ 45. Kh2 Ng4+ 46. Kg3
Nd8 47. Qc7+ Kf8 48. Qc5+ Ke8 49. f3 Rd3 50. Qc4 Ne5 51. Qxa6 Ke7 52. b4 Ndc6
53. b5 Nd4 54. Qb7+ Kf6 55. Ne4+ Kf5 56. Qe7 Ne2+ 57. Kf2 1-0

[Event "Campeonato de Europa 2011 Femenino"]
[Site "Tbilisi GEO"]
[Date "2011.05.18"]
[Round "11.40"]
[White "Mamedjarova, Turkan"]
[Black "Hairapetian, Anna"]
[Result "0-1"]
[WhiteElo "2322"]
[BlackElo "2128"]
[PlyCount "56"]
[EventDate "2011.05.07"]
[EventType "swiss"]
[EventRounds "11"]
[EventCountry "GEO"]
[Source "lmi"]
[SourceDate "2011.05.07"]

1. e4 c5 2. d3 Nc6 3. g3 g6 4. Bg2 Bg7 5. f4 e6 6. Nf3 Nge7 7. O-O d6 8. c3 O-O
9. Be3 Rb8 10. g4 f5 11. h3 b5 12. exf5 gxf5 13. Ng5 h6 14. Nf3 Nd5 15. Qc1 b4
16. g5 bxc3 17. bxc3 Ba6 18. gxh6 Bxh6 19. Rd1 Qb6 20. c4 Nxe3 21. Qxe3 e5 22.
Ng5 Nd4 23. Nc3 Bxg5 24. Qg3 Qd8 25. Bd5+ Kg7 26. fxg5 Rb2 27. Re1 Bc8 28. Ne2
Rxe2 0-1

[Event "Campeonato de Europa 2011 Femenino"]
[Site "Tbilisi GEO"]
[Date "2011.05.18"]
[Round "11.41"]
[White "Gavasheli, Ana"]
[Black "Mammadova, Gulnar Marfat qizi"]
[Result "1/2-1/2"]
[WhiteElo "2160"]
[BlackElo "2312"]
[PlyCount "78"]
[EventDate "2011.05.07"]
[EventType "swiss"]
[EventRounds "11"]
[EventCountry "GEO"]
[Source "lmi"]
[SourceDate "2011.05.07"]

1. d4 Nf6 2. c4 g6 3. g3 Bg7 4. Bg2 d5 5. cxd5 Nxd5 6. Nf3 O-O 7. O-O Nb6 8.
Nc3 Nc6 9. e3 Re8 10. Qe2 e5 11. dxe5 Nxe5 12. Nxe5 Bxe5 13. Rd1 Qe7 14. e4 h5
15. Be3 c6 16. Rac1 Be6 17. b3 Rad8 18. Rxd8 Rxd8 19. f3 Qb4 20. Nb1 Bd4 21.
Bxd4 Qxd4+ 22. Qf2 a5 23. Qxd4 Rxd4 24. Kf2 Rd8 25. Ke3 Kf8 26. Nd2 a4 27. Bf1
axb3 28. axb3 Ra8 29. Nc4 Bxc4 30. bxc4 Nd7 31. Kd4 Ra5 32. c5 Ke7 33. f4 Kd8
34. Bh3 Nf6 35. Bf1 Nd7 36. Bh3 Ra4+ 37. Rc4 Ra7 38. Bxd7 Kxd7 39. Rb4 Ke6
1/2-1/2

[Event "Campeonato de Europa 2011 Femenino"]
[Site "Tbilisi GEO"]
[Date "2011.05.18"]
[Round "11.42"]
[White "Krivec, Jana"]
[Black "Motycakova, Monika"]
[Result "1-0"]
[WhiteElo "2296"]
[BlackElo "2107"]
[PlyCount "62"]
[EventDate "2011.05.07"]
[EventType "swiss"]
[EventRounds "11"]
[EventCountry "GEO"]
[Source "lmi"]
[SourceDate "2011.05.07"]

1. e4 e5 2. Nc3 Nf6 3. Bc4 Nxe4 4. Qh5 Nd6 5. Bb3 Be7 6. Qxe5 O-O 7. d4 Nc6 8.
Qf4 Bf6 9. Nf3 Re8+ 10. Be3 Na5 11. Nd5 Nxb3 12. Nxf6+ Qxf6 13. Qxf6 gxf6 14.
axb3 Nf5 15. Kd2 Re4 16. Rhg1 d5 17. g4 Nxe3 18. fxe3 Kf8 19. h3 Bd7 20. Rg3 a6
21. Ne1 f5 22. Nd3 b6 23. gxf5 Bxf5 24. Nb4 c5 25. Nxd5 cxd4 26. Nf6 dxe3+ 27.
Ke2 Re6 28. Rg8+ Ke7 29. Nd5+ Kd6 30. Rxa8 Kxd5 31. Rd1+ Kc6 1-0

[Event "Campeonato de Europa 2011 Femenino"]
[Site "Tbilisi GEO"]
[Date "2011.05.18"]
[Round "11.43"]
[White "Severiukhina, Zoja"]
[Black "Melashvili, Nino"]
[Result "1-0"]
[WhiteElo "2291"]
[BlackElo "2104"]
[PlyCount "61"]
[EventDate "2011.05.07"]
[EventType "swiss"]
[EventRounds "11"]
[EventCountry "GEO"]
[Source "lmi"]
[SourceDate "2011.05.07"]

1. e4 d5 2. exd5 Nf6 3. d4 Nxd5 4. c4 Nb6 5. Nc3 g6 6. Be3 Bg7 7. Be2 O-O 8.
Qb3 Bxd4 9. Rd1 c5 10. Nf3 e5 11. Ne4 Qe7 12. Bh6 Nc6 13. Bxf8 Kxf8 14. Nfd2 f5
15. Nc3 Bxf2+ 16. Kxf2 Nd4 17. Qa3 Nc2 18. Qa5 Qh4+ 19. Kf1 Ne3+ 20. Kg1 Nd7
21. Nf3 Qg4 22. Qd8+ Kg7 23. Ne1 Qf4 24. g3 Qh6 25. Rd6 Ng4 26. Bxg4 Qe3+ 27.
Kg2 fxg4 28. Rf1 b6 29. Rxd7+ Bxd7 30. Qxd7+ Kh6 31. Qxg4 1-0

[Event "Campeonato de Europa 2011 Femenino"]
[Site "Tbilisi GEO"]
[Date "2011.05.18"]
[Round "11.44"]
[White "Khurtsilava, Inga"]
[Black "Imnadze, Nato"]
[Result "1-0"]
[WhiteElo "2286"]
[BlackElo "1962"]
[PlyCount "103"]
[EventDate "2011.05.07"]
[EventType "swiss"]
[EventRounds "11"]
[EventCountry "GEO"]
[Source "lmi"]
[SourceDate "2011.05.07"]

1. d4 d5 2. Nf3 Nf6 3. e3 Bg4 4. h3 Bh5 5. Nbd2 c6 6. g4 Bg6 7. Ne5 Nfd7 8.
Nxg6 hxg6 9. c4 e6 10. Qb3 Qc7 11. e4 dxe4 12. Nxe4 Nf6 13. Bg2 Nbd7 14. Be3
Nxe4 15. Bxe4 Bd6 16. O-O-O Bf4 17. Kb1 O-O 18. g5 Rab8 19. h4 b5 20. c5 Bxe3
21. fxe3 Rfe8 22. h5 gxh5 23. Rxh5 Kf8 24. Rf1 Ke7 25. Rh7 Rg8 26. Qd1 Qg3 27.
Bxc6 Qxg5 28. Bxd7 Kxd7 29. Rxf7+ Ke8 30. Rf1 Qg6+ 31. Qc2 Qxc2+ 32. Kxc2 a5
33. Kd3 Ke7 34. Ke4 Rbd8 35. Rh5 Rc8 36. Rg5 g6 37. Ke5 Rgf8 38. Rxf8 Rxf8 39.
Rxg6 Rf5+ 40. Ke4 Rf2 41. Rg7+ Kf6 42. Ra7 a4 43. b3 Rxa2 44. bxa4 bxa4 45. Ra6
Kf7 46. Ke5 Re2 47. e4 a3 48. Ra7+ Ke8 49. Rxa3 Ke7 50. Ra7+ Ke8 51. c6 Rc2 52.
Kd6 1-0